Obálka Náhled e-knihy:
PDF Epub
Pro půjčování e-knih musíte být přihlášeni.
Jak si půjčit online?

Enola Holmesová. Případ růžového vějíře /

Další případ Enoly Holmesové, mladší sestry Sherlocka Holmese.

Uloženo v:
Série:Enola Holmesová, část 4
Hlavní autor: Springer, Nancy, 1948- (Autor)
Další autoři: Davidová, Vendula (Autor)
Médium: E-kniha
Jazyk:Czech
Vydáno: V Praze : Fragment, 2023
Vydání:1. vydání
Témata:
Příbuzné jednotky:Přeloženo z: Enola Holmes mystery
Z cyklu:: Enola Holmesová
Tagy:
Žádné tagy
LEADER 02709nam a2200541 i 4500
001 311919
003 CZ PrSKC
005 20260601215714.0
007 ta
008 230505s2023 xr c 000 f cze
015 |a cnb003519658 
020 |a 9788025362464  |q (vázáno) :  |c Kč 269,00 
035 |a (OCoLC)1389729609 
040 |a ABG001  |b cze  |e rda 
041 1 |a cze  |h eng 
072 7 |a 821.111(73)-3  |x Americká próza  |2 Konspekt 
072 7 |a 821-93  |x Literatura pro děti a mládež (beletrie)  |2 Konspekt 
080 |a 821.111(73)-31  |2 MRF 
080 |a 821-93  |2 MRF 
080 |a (0:82-312.4)  |2 MRF 
100 1 |a Springer, Nancy,  |d 1948-  |7 xx0078179  |4 aut 
240 1 0 |a Case of the peculiar pink fan.  |l Česky 
245 1 0 |a Enola Holmesová.  |p Případ růžového vějíře /  |c Nancy Springerová ; přeložila Vendula Davidová 
246 3 0 |a Případ růžového vějíře 
250 |a 1. vydání 
264 1 |a V Praze :  |b Fragment,  |c 2023 
300 |a 163 stran ;  |c 22 cm 
336 |a text  |b txt  |2 rdacontent 
337 |a bez média  |b n  |2 rdamedia 
338 |a svazek  |b nc  |2 rdacarrier 
500 |a Přeloženo z angličtiny 
520 2 |a Další případ Enoly Holmesové, mladší sestry Sherlocka Holmese.  |b Náhodné setkání s lady Cecily zanechá v Enole zvláštní dojem. Proč se její přítelkyně chovala tak divně a podstrčila jí svůj růžový vějíř? Chtěla tím něco naznačit? Brzy přijde na to, že je Cecily proti své vůli vězněna v sirotčinci, a dokonce pro ni chystají domluvený sňatek. Aby Enola budoucímu neštěstí zabránila, bude muset udělat ústupek - spojit své síly se slavným bratrem Sherlockem. Nakladatelská anotace. Kráceno. 
521 8 |a Pro čtenáře od 11 let 
655 7 |a americké romány  |7 fd131796  |2 czenas 
655 7 |a detektivní romány  |7 fd132010  |2 czenas 
655 7 |a publikace pro děti  |7 fd133156  |2 czenas 
655 9 |a American fiction  |2 eczenas 
655 9 |a detective novels  |2 eczenas 
655 9 |a children's literature  |2 eczenas 
700 1 |a Davidová, Vendula  |7 xx0224276  |4 trl 
765 0 |t Enola Holmes mystery 
787 0 8 |i Z cyklu:  |t Enola Holmesová  |g 4 
900 |a ABA001  |b 21 
928 9 |a Albatros Media - Fragment 
044 |a xr 
910 |a RBIT002 
998 |d 375012  |a https://core.palmknihy.cz/api/books/375012/cover?si6xc7  |b https://core.palmknihy.cz/api/books/375012/cover/400?si6xc7  |c https://core.palmknihy.cz/api/books/375012/cover/50?si6xc7  |e 2027-06-20  |g 168  |i 9788025362464  |j https://core.palmknihy.cz/api/books/375012/preview.epub  |k https://core.palmknihy.cz/api/books/375012/preview.pdf  |l   |q 49  |r 1  |s https://www.palmknihy.cz/kniha/375012  |t ebook  |y 2023  |z 0  |v Enola Holmesová  |w 4 
999 |d 311917